=LDR 00000nam 2200000 4500 =001 INLIS000000000006351 =005 20130612094508 =008 ***********************************Ind** =035 ##$$0010-061300000006351 =041 ##$$a Ind =082 ##$$a 133.43 =090 ##$$a 133.43, Pra w =100 ##$$a PRANAJAYA, Teguh =245 ##$$a Waspadai trik-trik perdukunan, Teguh Pranajaya. -- =260 ##$$a 1998 $b Solo =300 ##$$a 97 hlm, ilus, 21 cm =650 ##$$a Dukun =850 ##$$a NBPNMAT